000 00203nam a22000857a 4500
001 1243817
005 20251017120458.0
245 _aPAPKİN GİZEMLİ ŞATO
_cİDİL ÜNLÜ
260 _bGENÇ TİMAŞ YAYINLARI
999 _c1243817
_d1243817